| 000 | 01983nam a2200433 c 4500 | ||
|---|---|---|---|
| 003 | BLK | ||
| 005 | 20240417124611.0 | ||
| 008 | 180408b bul|||||r ||||||| ||bul|| | ||
| 010 | _aKNG00039669000 | ||
| 020 |
_a5-237-00341-9 _bиздат.: АСТ - на том |
||
| 040 | _aBLK | ||
| 041 |
_aRUS _cRUS |
||
| 080 |
_aОбщи енциклопедии. Енциклопедични речници. Научни справочници. Отраслови енциклопедии и справочници се класират в съответните отдели с определител за форма _b03 _x _z03 |
||
| 080 |
_aЛитература на отделни езици и езикови семейства _b821 _x(031)(092) _z821(031)(092) |
||
| 080 |
_aБиографии _b929 _x(100) _z929(100) |
||
| 700 | 1 |
_aЧудакова, Наталья Владимировна _eавт.-состав. на том _9275056 |
|
| 139 |
_aЯ познаю мир _bЯ 11 |
||
| 245 | 1 | 0 |
_aЯ познаю мир _bДет. энцикл. _cавт.-состав. на том Наталья Владимировна Чудакова. _pЛитература |
| 257 | _aRUS | ||
| 260 |
_аМосква _c1998 - _fМинск : ППП им. Я. Коласа |
||
| 300 | _c21 см | ||
| 380 | _a0 | ||
| 490 | 1 | _aЯ познаю мир | |
| 650 | 4 |
_aЛитература - енциклопедии _9271694 |
|
| 650 | 4 |
_aПисатели _9166332 |
|
| 650 | 4 |
_aПоети _9166693 |
|
| 653 | _aлитература | ||
| 653 | _aписатели | ||
| 653 | _aпоети | ||
| 653 | _aлитература за деца | ||
| 653 | _aдетска литература | ||
| 760 | 1 |
_3- на том _dАСТ, 1999 _h448 с. _nПредм.-имен. указ. _t Литература |
|
| 852 | _aЦб 201842 | ||
| 856 | 4 |
_qpdf _u |
|
| 856 | 4 |
_qpdf _u |
|
| 942 |
_cKNG _n0 _01 |
||
| 944 |
_aCR _c15.01.2003 _k30532 _lМира Стойчева |
||
| 944 |
_aED _c09.12.2005 _k |
||
| 999 |
_c36652 _d36652 |
||